Gua̕ de consultas laborales y explicaciones prc̀ticas (Cd̤igo del Trabajo y Leyes Laborales) / Tomo I

Bibliographic Details
Main Author: Cornejo Manrq̕uez, Anb̕al
Format: eBook
Language:Spanish
Subjects:
Online Access:Acceso restringido

MARC

LEADER 00000nam a22000007a 4500
005 20220624215236.0
007 cr|||| ||||
008 220624s2021 cl |||||s|||| 00||0 spa d
020 |a 978-956-8193-33-1 
035 |a 36598 
040 |a vLex 
090 |c 13462  |d 13462 
100 1 |a Cornejo Manrq̕uez, Anb̕al 
245 1 0 |a Gua̕ de consultas laborales y explicaciones prc̀ticas  |h [Recurso electrn̤ico] :  |b (Cd̤igo del Trabajo y Leyes Laborales) /  |c Anb̕al Cornejo Manrq̕uez  |n Tomo I 
256 |a Servicio en ln̕ea 
300 |a 1 recurso electrn̤ico 
506 1 |a Disponible solo en los productos indicados  |d vLex Global  |d vLex Global (Academic Edition, excluding Law Schools)  |d vLex Global (U.S. Academic Edition, Law Schools)  |d vLex Global (U.S. Academic Edition, excluding Law Schools)  |d vLex Global (Academic Edition, Law Schools) 
650 0 4 |a Derecho Laboral y Seguridad Social  |z Chile 
740 0 |a vLex Libros (Servicio en ln̕ea) 
856 4 0 |u https://app.vlex.com/#/sources/36598  |z Acceso restringido 
942 |c BOOK 
999 0 |a Labor law and social security